Medical microbiology : (Record no. 17305)
[ view plain ]
| 000 -LEADER | |
|---|---|
| fixed length control field | 00837cam a22002412 4500 |
| 001 - CONTROL NUMBER | |
| control field | 0000019620 |
| 003 - CONTROL NUMBER IDENTIFIER | |
| control field | OSt |
| 005 - DATE AND TIME OF LATEST TRANSACTION | |
| control field | 20181019134622.0 |
| 008 - FIXED-LENGTH DATA ELEMENTS--GENERAL INFORMATION | |
| fixed length control field | 110113s xx 000 0 eng d |
| 020 ## - INTERNATIONAL STANDARD BOOK NUMBER | |
| International Standard Book Number | 0702071997 : |
| 040 ## - CATALOGING SOURCE | |
| Original cataloging agency | KABU |
| Transcribing agency | KABU |
| 050 ## - LIBRARY OF CONGRESS CALL NUMBER | |
| Classification number | QR46 |
| Item number | .M43 2019 c.1 |
| 245 10 - TITLE STATEMENT | |
| Title | Medical microbiology : |
| Remainder of title | a guide to microbial infections: pathogenesis, immunity, laboratory investigation and control / |
| Statement of responsibility, etc. | edited by Michael R. Barer ...[et al.]. |
| 250 ## - EDITION STATEMENT | |
| Edition statement | 19th ed. |
| 260 ## - PUBLICATION, DISTRIBUTION, ETC. (IMPRINT) | |
| Place of publication, distribution, etc. | London : |
| Name of publisher, distributor, etc. | Elsevier, |
| Date of publication, distribution, etc. | 2019. |
| 300 ## - PHYSICAL DESCRIPTION | |
| Extent | xv, 743 p. |
| 650 #0 - SUBJECT ADDED ENTRY--TOPICAL TERM | |
| Topical term or geographic name as entry element | Medical microbiology. |
| 700 1# - ADDED ENTRY--PERSONAL NAME | |
| Personal name | Barer, Michael R. ...[et al.]. |
| 908 ## - PUT COMMAND PARAMETER (RLIN) | |
| Put command parameter | 110113 |
| 942 ## - ADDED ENTRY ELEMENTS (KOHA) | |
| Source of classification or shelving scheme | Library of Congress Classification |
| Koha item type | General Collection |
| Classification part | QR46 |
| Item part | .M43 2019 c.1 |
| Withdrawn status | Lost status | Source of classification or shelving scheme | Not for loan | Home library | Current library | Shelving location | Date acquired | Cost, normal purchase price | Total Checkouts | Total Renewals | Full call number | Barcode | Date last seen | Date last checked out | Copy number | Price effective from | Koha item type |
|---|---|---|---|---|---|---|---|---|---|---|---|---|---|---|---|---|---|
| Library of Congress Classification | Kabarak, Main Campus | Kabarak, Main Campus | General Stacks | 19/10/2018 | 4043.10 | 7 | 1 | QR46 .M43 2019 c.1 | 031259 | 13/02/2023 | 10/03/2020 | c. 1 | 19/10/2018 | General Collection | |||
| Library of Congress Classification | Kabarak, Main Campus | Kabarak, Main Campus | General Stacks | 19/10/2018 | 4043.10 | 17 | 2 | QR46 .M43 2019 c.2 | 022708 | 26/05/2026 | 26/05/2026 | c. 2 | 19/10/2018 | General Collection | |||
| Library of Congress Classification | Kabarak, Main Campus | Kabarak, Main Campus | General Stacks | 19/10/2018 | 4043.10 | 10 | QR46 .M43 2019 c. 3 | 022709 | 16/03/2023 | 28/02/2023 | c. 3 | 19/10/2018 | General Collection | ||||
| Library of Congress Classification | Kabarak, Main Campus | Kabarak, Main Campus | General Stacks | 19/10/2018 | 4043.10 | 13 | QR46 .M43 2019 c. 4 | 022710 | 02/04/2024 | 12/03/2024 | c. 4 | 19/10/2018 | General Collection | ||||
| Library of Congress Classification | Kabarak, Main Campus | Kabarak, Main Campus | General Stacks | 19/10/2018 | 4043.10 | 13 | 1 | QR46 .M43 2019 c. 5 | 022711 | 24/07/2025 | 20/06/2025 | c. 5 | 19/10/2018 | General Collection | |||
| Library of Congress Classification | Kabarak, Main Campus | Kabarak, Main Campus | General Stacks | 19/10/2018 | 4043.10 | 13 | 2 | QR46 .M43 2019 c. 6 | 022712 | 16/03/2020 | 06/03/2020 | c. 6 | 19/10/2018 | General Collection | |||
| Library of Congress Classification | Kabarak, Main Campus | Kabarak, Main Campus | General Stacks | 19/10/2018 | 4043.10 | 12 | 1 | QR46 .M43 2019 c. 7 | 022713 | 06/06/2023 | 05/06/2023 | c. 7 | 19/10/2018 | General Collection | |||
| Library of Congress Classification | Kabarak, Main Campus | Kabarak, Main Campus | General Stacks | 19/10/2018 | 4043.10 | 6 | QR46 .M43 2019 c. 8 | 022714 | 29/05/2025 | 29/05/2025 | c. 8 | 19/10/2018 | General Collection |